中国壮族比例超过20%的县级行政区 - Statistics

General Stats
  • This quiz has been taken 16 times
  • The average score is 46 of 65
Answer Stats
省级 地级 县级 比例 % Correct
广西 崇左 凭祥市 75.87%
100%
广西 百色 平果县 88.74%
91%
广西 来宾 兴宾区 72.04%
91%
广西 南宁 江南区 43.70%
91%
广西 河池 巴马瑶族自治县 67.56%
91%
广西 百色 靖西县 98.50%
82%
广西 百色 田阳县 89.10%
82%
广西 百色 那坡县 87.70%
82%
广西 南宁 武鸣县 86.04%
82%
广西 百色 田东县 83.92%
82%
广西 崇左 江州区 79.02%
82%
广西 河池 宜州市 74.52%
82%
广西 南宁 马山县 74.09%
82%
广西 河池 金城江区 69.23%
82%
广西 柳州 柳城县 52.74%
82%
广西 钦州 钦北区 38.36%
82%
广西 南宁 西乡塘区 36.95%
82%
广西 南宁 横县 36.37%
82%
广西 南宁 青秀区 35.67%
82%
广西 贵港 港北区 34.53%
82%
广西 柳州 鱼峰区 27.83%
82%
广西 柳州 柳南区 27.03%
82%
广西 防城港 防城区 25.71%
82%
广西 柳州 柳北区 23.38%
82%
广西 百色 隆林各族自治县 50.84%
82%
广西 崇左 龙州县 94.66%
73%
广西 南宁 邕宁区 93.59%
73%
广西 防城港 上思县 86.64%
73%
广西 崇左 宁明县 79.95%
73%
广西 来宾 合山市 73.31%
73%
广西 柳州 柳江县 72.00%
73%
广西 百色 右江区 70.56%
73%
广西 南宁 良庆区 70.49%
73%
广西 百色 西林县 64.07%
73%
广西 百色 田林县 59.12%
73%
广西 贵港 覃塘区 53.62%
73%
广西 南宁 兴宁区 50.71%
73%
广西 河池 环江毛南族自治县 70.18%
73%
广东 清远 连山壮族瑶族自治县 45.57%
73%
广西 崇左 天等县 98.56%
64%
广西 崇左 大新县 97.42%
64%
广西 百色 德保县 95.97%
64%
广西 河池 东兰县 86.65%
64%
广西 崇左 扶绥县 83.73%
64%
广西 来宾 武宣县 68.24%
64%
广西 河池 天峨县 56.91%
64%
广西 河池 南丹县 51.85%
64%
广西 柳州 鹿寨县 47.23%
64%
云南 文山 广南县 41.96%
64%
广西 河池 大化瑶族自治县 70.27%
64%
广西 来宾 金秀瑶族自治县 43.47%
64%
广西 河池 罗城仫佬族自治县 38.16%
64%
广西 南宁 隆安县 95.46%
55%
广西 来宾 象州县 71.76%
55%
广西 河池 凤山县 54.73%
55%
广西 柳州 融安县 33.06%
55%
云南 文山 砚山县 28.65%
55%
云南 文山 丘北县 27.58%
55%
广西 柳州 城中区 21.22%
55%
广西 河池 都安瑶族自治县 72.97%
55%
广西 来宾 忻城县 92.55%
45%
广西 南宁 上林县 77.89%
45%
云南 文山 富宁县 54.20%
45%
广西 百色 乐业县 50.29%
45%
广西 百色 凌云县 31.80%
45%
No matching quizzes found
Score Distribution
Percent of People with Each Score
Percentile by Number Answered
Your Score History
You have not taken this quiz